Statistics for Top 100 Biggest Cities in Connecticut

Click here to take the quiz!

General Stats

  • This quiz has been taken 141 times
  • The average score is 40 of 100

Answer Stats

# City Population % Correct
3Hartford124,775
100%
2New Haven129,779
95%
1Bridgeport144,229
92%
4Stamford122,643
87%
5Waterbury110,366
81%
9West Hartford63,268
77%
14Fairfield59,404
77%
6Norwalk85,603
75%
7Danbury80,893
74%
10Greenwich61,171
73%
38New London27,620
71%
19East Hartford51,252
71%
16West Haven55,564
64%
55New Canaan19,738
55%
47North Haven24,093
55%
51Darien20,732
55%
8New Britain73,206
53%
33East Haven29,257
53%
15Manchester58,241
52%
13Bristol60,477
52%
24Norwich40,493
51%
35Windsor29,044
51%
42Westport26,391
49%
17Milford52,759
49%
20Middletown47,648
49%
12Meriden60,868
48%
39Newtown27,560
48%
27Torrington36,383
48%
25Groton40,115
47%
21Wallingford45,135
44%
11Hamden60,960
43%
63Madison18,269
43%
18Stratford51,384
43%
32Cheshire29,261
42%
49Watertown22,514
40%
75Tolland15,052
40%
85Windsor Locks12,498
40%
31Newington30,562
40%
79Orange13,956
39%
29Glastonbury34,427
38%
28Trumbull36,018
38%
22Enfield44,654
38%
62Stonington18,545
36%
23Southington43,069
35%
50Guilford22,375
35%
37Branford28,026
35%
44Farmington25,340
35%
71Colchester16,068
34%
26Shelton39,559
34%
61Bethel18,584
34%
54Berlin19,866
34%
34Vernon29,179
32%
95Old Saybrook10,242
32%
83Derby12,902
31%
59Ansonia19,249
31%
45Windham25,268
31%
46Ridgefield24,638
31%
30Naugatuck31,862
31%
36New Milford28,142
31%
43South Windsor25,709
31%
78Cromwell14,005
30%
60East Lyme19,159
30%
64Avon18,098
30%
41Mansfield26,543
30%
96Weston10,179
29%
52Bloomfield20,486
29%
48Simsbury23,511
29%
40Wethersfield26,668
29%
81Clinton13,260
29%
99Putnam9,584
27%
56Rocky Hill19,709
27%
100Portland9,508
27%
53Southbury19,904
27%
58Monroe19,479
27%
65Wilton18,062
27%
66Plainville17,716
26%
84Oxford12,683
26%
67Killingly17,370
26%
80New Fairfield13,881
26%
91Granby11,282
26%
69Seymour16,540
26%
74Plainfield15,405
25%
93East Windsor11,162
25%
92Winchester11,242
25%
77North Branford14,407
23%
70Brookfield16,452
23%
94Canton10,292
23%
97Woodbury9,975
22%
86Coventry12,435
21%
88Stafford12,087
21%
73Ellington15,602
21%
68Wolcott16,680
21%
76Ledyard15,051
21%
90Somers11,444
19%
87Plymouth12,243
19%
57Montville19,571
18%
98Hebron9,686
18%
72Suffield15,735
18%
82East Hampton12,959
17%
89Griswold11,951
16%

Score Distribution

Percentile by Number Answered

Percent of People with Each Score

Your Score History

You have not taken this quiz